| 000 | 00445nam a22001697a 4500 | ||
|---|---|---|---|
| 003 | BD-DhUL | ||
| 005 | 20181122114144.0 | ||
| 008 | 181118snd. xx ||||| |||| 000 0 urd d | ||
| 040 |
_aBD-DhUL _cBD-DhUL |
||
| 082 |
_a891.431 _bAKN |
||
| 100 | 0 | _aاختر انصاری | |
| 245 | 0 |
_aنغروح : قطعات / _cاختر انصاری |
|
| 260 |
_a: _b، _c۔ |
||
| 300 |
_aص۔ ۶۸ ؛ _c۲۱ سم۔ |
||
| 650 | 4 | _aUrdu poetry | |
| 942 |
_2ddc _cBK |
||
| 999 |
_c244753 _d244753 |
||